Doubly delicious

Bibliographic Details
Format: Book
Published: Surrey : Colour Library Books , 1990
Subjects:

MARC

LEADER 00000cam a2200000 7i4500
001 0000002143
002 000002339
005 20000330.0
020 |a 0862837839 
090 0 0 |a 641.5   |b DOU 
245 0 0 |a Doubly delicious   |c comp. by Judith Ferguson and Patricia Payne 
260 |a Surrey :   |b Colour Library Books ,   |c 1990 
300 |a 478p. :   |b ill. ;   |c 28cm. 
650 0 0 |a Cookery 
999 |a 028204   |b BUKU   |c RUJUKAN   |e PERPUSTAKAAN KOMUNITI PETALING JAYA